Pięć największych miast według państwa - Statystyki

Ogólne statystyki
  • Ten quiz został rozwiązany 2 449 razy
  • Średni wynik to 28 z 60
Statystyki odpowiedzi
Państwo Populacja Miasto % Poprawnych
Stany Zjednoczone 22,0 mln Nowy Jork
98%
Wielka Brytania 14,9 mln Londyn
94%
Stany Zjednoczone 17,2 mln Los Angeles
90%
Chiny 21,2 mln Pekin
88%
Australia 4,98 mln Sydney
88%
Japonia 41,0 mln Tokio
87%
Meksyk 25,1 mln Meksyk
85%
Rosja 19,1 mln Moskwa
85%
Wielka Brytania 3,15 mln Manchester
84%
Brazylia 12,5 mln Rio de Janeiro
83%
Rosja 6,50 mln Petersburg
79%
Stany Zjednoczone 9,65 mln Chicago
78%
Wielka Brytania 1,89 mln Liverpool
78%
Kanada 7,70 mln Toronto
76%
Brazylia 3,98 mln Brasília
71%
Chiny 40,8 mln Szanghaj
71%
Stany Zjednoczone 8,55 mln Waszyngton
70%
Wielka Brytania 3,25 mln Birmingham
67%
Indie 34,6 mln Delhi
67%
Brazylia 22,1 mln São Paulo
66%
Kolumbia 10,4 mln Bogota
65%
Australia 5,00 mln Melbourne
64%
Kanada 3,08 mln Vancouver
58%
Japonia 17,7 mln Osaka
55%
Australia 2,25 mln Perth
55%
Indie 27,1 mln Mumbaj
54%
Nigeria 20,7 mln Lagos
52%
Kanada 4,43 mln Montreal
51%
Stany Zjednoczone 7,70 mln Boston
47%
Kolumbia 4,28 mln Medellín
42%
Chiny 70,1 mln Kanton
41%
Wielka Brytania 2,23 mln Leeds
41%
Indie 17,7 mln Kolkata
39%
Australia 3,35 mln Brisbane
38%
Meksyk 5,85 mln Guadalajara
38%
Nigeria 2,90 mln Abudża
33%
Japonia 2,50 mln Sapporo
32%
Kanada 1,46 mln Calgary
30%
Australia 1,42 mln Adelaide
29%
Kolumbia 2,95 mln Cali
26%
Kanada 1,43 mln Edmonton
26%
Meksyk 6,00 mln Monterrey
26%
Brazylia 4,93 mln Belo Horizonte
25%
Rosja 1,86 mln Nowosybirsk
22%
Rosja 1,86 mln Jekaterynburg
21%
Japonia 10,5 mln Nagoja
20%
Rosja 1,66 mln Niżny Nowogród
19%
Indie 12,6 mln Ćennaj
15%
Chiny 17,3 mln Chengdu
15%
Brazylia 3,93 mln Porto Alegre
15%
Nigeria 5,20 mln Kano
14%
Meksyk 4,23 mln Puebla
12%
Kolumbia 2,33 mln Barranquilla
11%
Chiny 14,9 mln Xiamen
11%
Indie 14,2 mln Bengaluru
10%
Japonia 2,83 mln Fukuoka
9%
Nigeria 3,33 mln Ibadan
8%
Nigeria 2,20 mln Port Harcourt
4%
Meksyk 2,68 mln Toluca
4%
Kolumbia 1,35 mln Bucaramanga
2%
Nie znaleziono quizów pasujących do podanych kryteriów
Rozkład punktacji
Procent ludzi z każdym wynikiem
Percentyl według liczby udzielonych odpowiedzi
Twoja historia wyników
Nie rozwiązałeś tego quizu